Las mujeres en la Venecia del siglo XVIII
Gardado en:
| Autor Principal: | |
|---|---|
| Formato: | Libro |
| Idioma: | Lingua castelá |
| Publicado: |
Madrid
Complutense
2001
|
| Series: | La Mirada de la Historia
|
| Subjects: | |
| Tags: |
Engadir etiqueta
Sen Etiquetas, Sexa o primeiro en etiquetar este rexistro!
|
MARC
| LEADER | 00000nam a2200000 a 4500 | ||
|---|---|---|---|
| 001 | UCI1266 | ||
| 003 | CL-VaPUC | ||
| 008 | 070622e20010000SP |||||||||||||||||spa|d | ||
| 020 | |a 8474916240 | ||
| 082 | 0 | 4 | |a 305.40945 |b RAV |2 21 |
| 100 | 0 | |a Ravoux-Rallo, Elisabeth |e author |9 521672 | |
| 245 | 1 | 4 | |a Las mujeres en la Venecia del siglo XVIII |
| 300 | |a 227 p | ||
| 942 | |c BK | ||
| 945 | |d 20070622 00:00:00 |a jtorresc | ||
| 260 | |a Madrid |b Complutense |c 2001 | ||
| 650 | 0 | |a Mujeres |9 257649 | |
| 650 | 7 | |a HISTORIA DE ITALIA SIGLO 18 |2 CL-VaPUC |9 439426 | |
| 650 | 0 | |a Feminismo |9 259085 | |
| 651 | 7 | |a VENECIA |2 CL-VaPUC |9 268373 | |
| 583 | |a last modification |c 20160826 12:50:33 |k Rodrigo Vera | ||
| 490 | 0 | |a La Mirada de la Historia | |
| 999 | |c 326105 |d 326103 | ||
| 952 | |0 0 |1 0 |4 0 |6 305_409450000000000_RAV_2001 |7 0 |8 A |9 407817 |a BIBHIS |b BIBHIS |d 2019-11-22 |i 4351584 |o 305.40945 RAV 2001 |p 4351584 |r 2025-01-20 |w 2019-11-22 |y BK |k HIS | ||